[Event "Brno Open 2022 - B FIDE open"]
[Site "Bobycentrum hotel, Brno"]
[Date "2022.11.15"]
[Round "4"]
[Board "4"]
[White "Kuchar, Matej"]
[Black "Husek, Martin"]
[Result "0-1"]
[WhiteElo "2008"]
[BlackElo "2192"]
[PlyCount "96"]
[EventDate "2022.11.12"]
[EventRounds "9"]
[EventCountry "CZE"]

1. e4 c5 2. Nf3 e6 3. d4 cxd4 4. Nxd4 Nc6 5. Nc3 Qc7 6. Be3 a6 7. Be2 Nf6 8. O-O
Be7 9. a4 Bb4 10. Nxc6 Qxc6 11. e5 Bxc3 12. bxc3 Nd5 13. Bd4 Nxc3 14. Bf3 Nxd1 15.
Bxc6 dxc6 16. Rfxd1 c5 17. Bxc5 Bd7 18. Rd4 Rc8 19. Bb4 Bc6 20. Rad1 Bd5 21. c4 Rxc4
22. Rxc4 Bxc4 23. Rc1 b5 24. axb5 axb5 25. Ra1 Kd7 26. Ra7+ Kc6 27. f4 Kb6 28. Rxf7
Ra8 29. Rxg7 Ra4 30. Bd6 b4 31. Bxb4 Rxb4 32. Rxh7 Bd5 33. Rf7 Rb2 34. Rg7 Kc5 35.
h4 Kd4 36. h5 Rb8 37. h6 Rh8 38. h7 Be4 39. Kf2 Bxh7 40. g4 Be4 41. Kg3 Ke3 42. Rf7
Rg8 43. Ra7 Bf5 44. Ra3+ Kd4 45. Ra4+ Kc5 46. Ra5+ Kb4 47. Ra7 Rxg4+ 48. Kf3 Rh4
 0-1

[Event "Brno Open 2022 - B FIDE open"]
[Site "Bobycentrum hotel, Brno"]
[Date "2022.11.15"]
[Round "4"]
[Board "5"]
[White "Al Thebaiti, Ahmed M"]
[Black "Arndt, Stefan"]
[Result "0-1"]
[WhiteElo "1931"]
[BlackElo "2176"]
[PlyCount "114"]
[EventDate "2022.11.12"]
[EventRounds "9"]
[EventCountry "CZE"]

1. d4 d5 2. Bf4 Nf6 3. e3 e6 4. Nd2 Bd6 5. Bg3 O-O 6. Bd3 b6 7. Qe2 c5 8. c3 a5 9.
e4 Be7 10. e5 Nfd7 11. Ngf3 Ba6 12. Bxa6 Nxa6 13. O-O a4 14. a3 Nab8 15. Ne1 Nc6
16. Nc2 Qc7 17. Rac1 Rfc8 18. f4 g6 19. Qg4 cxd4 20. cxd4 Qd8 21. Nf3 Ra7 22. Ne3
Rac7 23. Rcd1 Nf8 24. Bh4 f5 25. exf6 Bxf6 26. Bxf6 Qxf6 27. Ne5 Ne7 28. Qe2 Nf5
29. N3g4 Qg7 30. Rd2 Nd6 31. Ne3 Nd7 32. Qa6 Ne4 33. Rdd1 Nxe5 34. fxe5 Qd7 35. Qe2
Qe8 36. Qg4 Qe7 37. h4 Kg7 38. h5 Qg5 39. Qxg5 Nxg5 40. hxg6 hxg6 41. g3 Ne4 42.
Kg2 b5 43. Kh2 g5 44. Kg2 Kg6 45. Rde1 Kg7 46. Rd1 Rc6 47. Kh2 b4 48. axb4 Rb8 49.
Rc1 Rxc1 50. Rxc1 Rxb4 51. Rc7+ Kf8 52. Ng4 Rxb2+ 53. Kh3 Rd2 54. Nf6 Nxf6 55. exf6
Rxd4 56. Ra7 a3 57. Rxa3 Kf7  0-1

[Event "Brno Open 2022 - B FIDE open"]
[Site "Bobycentrum hotel, Brno"]
[Date "2022.11.15"]
[Round "4"]
[Board "6"]
[White "Glozar, Petr"]
[Black "Dvorakova, Olga"]
[Result "1/2-1/2"]
[WhiteElo "2189"]
[BlackElo "2054"]
[PlyCount "44"]
[EventDate "2022.11.12"]
[EventRounds "9"]
[EventCountry "CZE"]

1. Nf3 Nf6 2. c4 e6 3. e3 b6 4. Be2 Bb7 5. O-O Be7 6. Nc3 O-O 7. b3 c5 8. d4 d5 9.
Ne5 Ne4 10. Nxe4 dxe4 11. f3 f6 12. Ng4 f5 13. Nf2 cxd4 14. exd4 Bf6 15. Bb2 e3 16.
Nd3 Bxd4 17. Bxd4 Qxd4 18. f4 Nc6 19. Qc2 e5 20. Rad1 exf4 21. Nxf4 Qf6 22. Qd3 Qe5
 1/2-1/2

[Event "Brno Open 2022 - B FIDE open"]
[Site "Bobycentrum hotel, Brno"]
[Date "2022.11.15"]
[Round "4"]
[Board "8"]
[White "Piddubna, Bozhena"]
[Black "Jires, Jiri"]
[Result "1/2-1/2"]
[WhiteElo "1795"]
[BlackElo "2088"]
[PlyCount "66"]
[EventDate "2022.11.12"]
[EventRounds "9"]
[EventCountry "CZE"]

1. d4 Nf6 2. Nf3 g6 3. c4 Bg7 4. Nc3 O-O 5. g3 d6 6. Bg2 Nc6 7. O-O Rb8 8. a4 a5
9. Re1 Re8 10. e4 e5 11. dxe5 dxe5 12. Qxd8 Rxd8 13. Bg5 Re8 14. Nd5 Nxd5 15. cxd5
Nb4 16. Red1 Bd7 17. b3 f6 18. Bd2 Bf8 19. Rac1 Rbc8 20. Bf1 Red8 21. Ne1 c6 22.
Bxb4 Bxb4 23. Bc4 Kg7 24. Kg2 cxd5 25. Bxd5 b5 26. Nd3 Bc3 27. axb5 Bxb5 28. Bc4
Bxc4 29. Rxc3 Bf7 30. Rdc1 Rxc3 31. Rxc3 Rb8 32. Nc1 Rb4 33. Kf3 a4  1/2-1/2

[Event "Brno Open 2022 - B FIDE open"]
[Site "Bobycentrum hotel, Brno"]
[Date "2022.11.15"]
[Round "4"]
[Board "10"]
[White "Makhynia, Kostiantyn"]
[Black "Szkoludek, Sebastian"]
[Result "1-0"]
[WhiteElo "1773"]
[BlackElo "2003"]
[PlyCount "77"]
[EventDate "2022.11.12"]
[EventRounds "9"]
[EventCountry "CZE"]

1. d4 Nf6 2. Nf3 c5 3. d5 b5 4. Bg5 Qb6 5. a4 b4 6. a5 Qd8 7. c4 d6 8. Nbd2 g6 9.
e4 Bg7 10. h3 O-O 11. Be2 e5 12. g4 Qc7 13. Rg1 Ne8 14. Nh4 Bf6 15. Bxf6 Nxf6 16.
Qb3 Ne8 17. Qe3 Ng7 18. Qh6 Qe7 19. Ndf3 f6 20. b3 Rf7 21. Nxg6 hxg6 22. Nh4 Qe8
23. Nxg6 Rc7 24. g5 f5 25. Bh5 Nxh5 26. Qh8+ Kf7 27. Qxh5 Qg8 28. Nh4+ Kf8 29. Ng6+
Kf7 30. Nh4+ Kf8 31. exf5 Qh7 32. Qg4 Qg7 33. Qe4 Nd7 34. Rg4 Ke8 35. f6 Qg8 36.
Nf5 Qf8 37. Ng7+ Kf7 38. Ne6 Nxf6 39. Qf5  1-0

[Event "Brno Open 2022 - B FIDE open"]
[Site "Bobycentrum hotel, Brno"]
[Date "2022.11.15"]
[Round "4"]
[Board "16"]
[White "Fryc, Lukas"]
[Black "Horacek, Michal"]
[Result "1/2-1/2"]
[WhiteElo "1665"]
[BlackElo "2086"]
[PlyCount "81"]
[EventDate "2022.11.12"]
[EventRounds "9"]
[EventCountry "CZE"]

1. Nf3 c5 2. c4 e6 3. e4 Nc6 4. d4 cxd4 5. Nxd4 Bc5 6. Nb3 Bb4+ 7. Bd2 a5 8. Bxb4
axb4 9. g3 Nge7 10. Bg2 O-O 11. c5 b6 12. O-O bxc5 13. Nxc5 d6 14. Nb3 Ba6 15. Re1
Ne5 16. a3 Qb6 17. Qd4 Qxd4 18. Nxd4 Nd3 19. Re3 Rfc8 20. Nd2 bxa3 21. bxa3 Nc6 22.
Nxc6 Rxc6 23. Bf1 Nc5 24. Bxa6 Rcxa6 25. Rc3 g5 26. f3 Kg7 27. Nc4 Nb7 28. Rd3 Rc8
29. Ne3 Rb6 30. Ra2 Na5 31. Kg2 Rc5 32. f4 gxf4 33. gxf4 Kf6 34. Rad2 Ke7 35. f5
Nc4 36. Nxc4 Rxc4 37. Kf3 Ra6 38. Rb2 Kf6 39. Rb5 Rca4 40. fxe6 fxe6 41. Rxd6  1/2-1/2

[Event "Brno Open 2022 - B FIDE open"]
[Site "Bobycentrum hotel, Brno"]
[Date "2022.11.15"]
[Round "4"]
[Board "33"]
[White "Sknouril, Jakub"]
[Black "Snasel, Michal"]
[Result "1-0"]
[WhiteElo "1359"]
[BlackElo "1675"]
[PlyCount "59"]
[EventDate "2022.11.12"]
[EventRounds "9"]
[EventCountry "CZE"]

1. c3 d6 2. d4 Nd7 3. Nf3 e5 4. e4 Ngf6 5. Bg5 Be7 6. Bxf6 Bxf6 7. d5 O-O 8. Nbd2
g6 9. g3 Bg7 10. Bg2 Nc5 11. O-O f5 12. Qc2 fxe4 13. Nxe4 Nxe4 14. Qxe4 Bf5 15. Qe3
Bf6 16. h4 Kg7 17. Nd2 g5 18. hxg5 Bxg5 19. Qe2 Qd7 20. Ne4 Be7 21. Kh2 Bg4 22. Qe3
Rf5 23. Rh1 Raf8 24. Raf1 Rf3 25. Bxf3 Bxf3 26. Ng5 Bxg5 27. Qxg5+ Kh8 28. Qh4 Rf5
29. Kg1 Rh5 30. Qf6+  1-0

[Event "Brno Open 2022 - B FIDE open"]
[Site "Bobycentrum hotel, Brno"]
[Date "2022.11.16"]
[Round "5"]
[Board "1"]
[White "Husek, Martin"]
[Black "Mondrzycki, Bartlomiej"]
[Result "1/2-1/2"]
[WhiteElo "2192"]
[BlackElo "2214"]
[PlyCount "56"]
[EventDate "2022.11.12"]
[EventRounds "9"]
[EventCountry "CZE"]

1. e4 c5 2. Nf3 a6 3. c4 Nc6 4. d4 cxd4 5. Nxd4 e5 6. Nf5 d5 7. cxd5 Bxf5 8. exf5
Nd4 9. Nc3 Nf6 10. Bg5 Be7 11. Bxf6 Bxf6 12. Bd3 g6 13. fxg6 hxg6 14. O-O Kf8 15.
Be4 Kg7 16. Ne2 Qd7 17. Nxd4 exd4 18. f4 d3 19. Qxd3 Bxb2 20. Rab1 Bf6 21. d6 Rab8
22. Rbc1 Rbc8 23. Qd5 b5 24. Kh1 Rxc1 25. Rxc1 Qg4 26. Rc7 Rxh2+ 27. Kxh2 Qh4+ 28.
Kg1 Qe1+  1/2-1/2

[Event "Brno Open 2022 - B FIDE open"]
[Site "Bobycentrum hotel, Brno"]
[Date "2022.11.16"]
[Round "5"]
[Board "2"]
[White "Arndt, Stefan"]
[Black "Moskvin, Anatoly"]
[Result "0-1"]
[WhiteElo "2176"]
[BlackElo "2170"]
[PlyCount "132"]
[EventDate "2022.11.12"]
[EventRounds "9"]
[EventCountry "CZE"]

1. d4 Nf6 2. Nf3 c5 3. d5 b5 4. e4 Nxe4 5. Bd3 Nf6 6. Bxb5 Qa5+ 7. Nc3 Ba6 8. Bxa6
Qxa6 9. Bg5 d6 10. Qd2 Nbd7 11. O-O-O Rb8 12. Qd3 Qb7 13. b3 g6 14. Rhe1 Bg7 15.
Kb1 Kd8 16. Bd2 Nb6 17. Ng5 Rf8 18. Nce4 c4 19. Qf3 cxb3 20. axb3 h6 21. Nxf6 hxg5
22. Nh7 g4 23. Qd3 Re8 24. Ng5 Qxd5 25. Qxd5 Nxd5 26. Ba5+ Nb6 27. Nxf7+ Kc7 28.
Ng5 Kc6 29. Re4 e5 30. Rxg4 d5 31. Nf3 Re6 32. Bxb6 Rxb6 33. Ra4 a6 34. Ra5 Rd6 35.
Ka2 e4 36. Nd4+ Kd7 37. c3 Be5 38. Ne2 Ke6 39. Kb2 Rb8 40. Nd4+ Kd7 41. Rd2 Bf4 42.
Re2 Bxh2 43. g3 Rf8 44. Nc2 Bg1 45. Ra1 Rxf2 46. Nd4 Rxe2+ 47. Nxe2 Be3 48. Rf1 Ke7
49. Kc2 Rf6 50. Rh1 Rf2 51. Kd1 Kf6 52. Rh8 Rf1+ 53. Kc2 Re1 54. Nf4 Bxf4 55. gxf4
Kf5 56. Rf8+ Kg4 57. Kd2 Rh1 58. Rf6 Kf3 59. f5 Rh2+ 60. Kd1 g5 61. Re6 Ke3 62. f6
Kd3 63. Ke1 e3 64. Kf1 Rf2+ 65. Ke1 Rf5 66. Rd6 e2  0-1

[Event "Brno Open 2022 - B FIDE open"]
[Site "Bobycentrum hotel, Brno"]
[Date "2022.11.16"]
[Round "5"]
[Board "3"]
[White "Richterova, Natasa"]
[Black "Pokorny, Petr"]
[Result "1/2-1/2"]
[WhiteElo "2170"]
[BlackElo "2119"]
[PlyCount "49"]
[EventDate "2022.11.12"]
[EventRounds "9"]
[EventCountry "CZE"]

1. e4 e5 2. Nf3 Nf6 3. Nxe5 d6 4. Nf3 Nxe4 5. d4 d5 6. Bd3 Nc6 7. O-O Be7 8. Nc3
Nxc3 9. bxc3 Bg4 10. Re1 O-O 11. Bf4 a6 12. a4 Na5 13. Qe2 Re8 14. Rab1 c6 15. Qe3
Bf8 16. Qxe8 Qxe8 17. Rxe8 Rxe8 18. Bc7 Nc4 19. Rxb7 Bxf3 20. gxf3 Re7 21. Ra7 g6
22. Kg2 f5 23. f4 Kf7 24. Kg3 Rd7 25. Kf3  1/2-1/2

[Event "Brno Open 2022 - B FIDE open"]
[Site "Bobycentrum hotel, Brno"]
[Date "2022.11.16"]
[Round "5"]
[Board "5"]
[White "Svobodova, Michaela"]
[Black "Moser, Axel"]
[Result "1-0"]
[WhiteElo "1973"]
[BlackElo "2138"]
[PlyCount "39"]
[EventDate "2022.11.12"]
[EventRounds "9"]
[EventCountry "CZE"]

1. e4 e5 2. Nf3 Nc6 3. Nc3 Nf6 4. d4 Bb4 5. dxe5 Nxe4 6. Bd2 Nxd2 7. Qxd2 O-O 8.
a3 Ba5 9. Bc4 Qe7 10. O-O Nxe5 11. Nxe5 Qxe5 12. b4 Bb6 13. Nd5 c6 14. Rfe1 Qh5 15.
Ne7+ Kh8 16. Qd6 Rd8 17. Re4 Qh6 18. Nf5 Qf6 19. Qxf6 gxf6 20. Rae1  1-0

[Event "Brno Open 2022 - B FIDE open"]
[Site "Bobycentrum hotel, Brno"]
[Date "2022.11.16"]
[Round "5"]
[Board "6"]
[White "Dvorakova, Olga"]
[Black "Muller, Maxime"]
[Result "1/2-1/2"]
[WhiteElo "2054"]
[BlackElo "1848"]
[PlyCount "161"]
[EventDate "2022.11.12"]
[EventRounds "9"]
[EventCountry "CZE"]

1. d4 d5 2. c4 e6 3. Nc3 Nf6 4. cxd5 exd5 5. Bg5 Nbd7 6. e3 Be7 7. Bd3 O-O 8. Qc2
Re8 9. Nf3 Nf8 10. h3 c6 11. O-O Be6 12. Rab1 Rc8 13. b4 N6d7 14. Bxe7 Qxe7 15. a4
Nb6 16. Rfc1 a6 17. b5 axb5 18. axb5 c5 19. dxc5 Rxc5 20. Nd4 Rec8 21. Qb3 Qg5 22.
Kh1 Qh4 23. Rc2 Nfd7 24. Rbc1 Ne5 25. Bf5 Qe7 26. e4 g6 27. Bxe6 fxe6 28. exd5 Nxd5
29. Nxd5 exd5 30. Rxc5 Rxc5 31. Re1 Qd6 32. Qe3 Rc4 33. Qxe5 Qxe5 34. Rxe5 Rxd4 35.
Re7 Rd1+ 36. Kh2 d4 37. Rxb7 d3 38. Rd7 Rb1 39. Rxd3 Rxb5 40. Rd7 Rf5 41. f3 Rg5
42. h4 Rh5 43. Kh3 Ra5 44. g4 Ra3 45. Kg3 Ra5 46. Kf4 Rb5 47. Re7 Ra5 48. Re5 Ra3
49. Rb5 Rc3 50. h5 gxh5 51. Rxh5 Kg7 52. Rd5 Rc7 53. Ke4 Kf6 54. f4 Re7+ 55. Re5
Ra7 56. g5+ Kg7 57. Kf5 Rb7 58. Re6 Rb5+ 59. Kg4 Rb4 60. Rd6 Ra4 61. Kf5 Ra7 62.
Ke6 Kg6 63. Ke5+ Kf7 64. f5 Ra5+ 65. Rd5 Ra7 66. Rc5 Rd7 67. Rc6 Ra7 68. Kd6 Ra1
69. Rc7+ Kg8 70. Ke6 Ra6+ 71. Ke7 Ra1 72. Rc8+ Kg7 73. f6+ Kg6 74. Rg8+ Kf5 75. Rg7
h6 76. gxh6 Ra7+ 77. Kf8 Ra8+ 78. Ke7 Ra7+ 79. Ke8 Ra8+ 80. Kd7 Kxf6 81. Rg3  1/2-1/2

[Event "Brno Open 2022 - B FIDE open"]
[Site "Bobycentrum hotel, Brno"]
[Date "2022.11.16"]
[Round "5"]
[Board "10"]
[White "Benes, Miroslav"]
[Black "Glozar, Petr"]
[Result "1-0"]
[WhiteElo "1923"]
[BlackElo "2189"]
[PlyCount "45"]
[EventDate "2022.11.12"]
[EventRounds "9"]
[EventCountry "CZE"]

1. e4 c5 2. Nf3 g6 3. d4 cxd4 4. Nxd4 Bg7 5. c4 Qb6 6. Nb3 Nc6 7. Be2 d6 8. O-O Nf6
9. Nc3 O-O 10. Be3 Qc7 11. Rc1 Bd7 12. c5 dxc5 13. Nxc5 Rfd8 14. Nd5 Nxd5 15. exd5
Be8 16. Qb3 Na5 17. Qa3 Rxd5 18. Bf3 Rad8 19. Bxd5 Rxd5 20. Ne6 Qe5 21. Nc7 Rd8 22.
Nxe8 Rxe8 23. Rc5  1-0

[Event "Brno Open 2022 - B FIDE open"]
[Site "Bobycentrum hotel, Brno"]
[Date "2022.11.16"]
[Round "5"]
[Board "14"]
[White "Horacek, Michal"]
[Black "Krystl, Jaromir"]
[Result "1-0"]
[WhiteElo "2086"]
[BlackElo "1636"]
[PlyCount "71"]
[EventDate "2022.11.12"]
[EventRounds "9"]
[EventCountry "CZE"]

1. e4 e5 2. Nc3 f5 3. Bc4 Nf6 4. d3 c6 5. Nf3 d5 6. exd5 cxd5 7. Bb5+ Bd7 8. Bxd7+
Nbxd7 9. O-O Bb4 10. Bg5 Bxc3 11. bxc3 O-O 12. Re1 Qc7 13. Nxe5 Nxe5 14. Bf4 Qxc3
15. Bxe5 d4 16. Bxf6 Rxf6 17. Qf3 Qc6 18. Qf4 Rd8 19. Re2 Re6 20. Rae1 Rxe2 21. Rxe2
Qd5 22. g3 g6 23. Re7 Qd6 24. Qh4 h5 25. Qg5 a5 26. h4 b6 27. Ra7 f4 28. Qh6 Qf6
29. g4 hxg4 30. h5 Re8 31. Kf1 g3 32. f3 g2+ 33. Kg1 Re1+ 34. Kxg2 Re2+ 35. Kf1 Rf2+
36. Kg1  1-0

[Event "Brno Open 2022 - B FIDE open"]
[Site "Bobycentrum hotel, Brno"]
[Date "2022.11.16"]
[Round "5"]
[Board "16"]
[White "Aird, Ian"]
[Black "Broz, Petr"]
[Result "1/2-1/2"]
[WhiteElo "1710"]
[BlackElo "2037"]
[PlyCount "67"]
[EventDate "2022.11.12"]
[EventRounds "9"]
[EventCountry "CZE"]

1. e4 e6 2. d3 d5 3. Nd2 dxe4 4. dxe4 Nf6 5. Ngf3 Bc5 6. Bb5+ Nbd7 7. O-O a6 8. Bd3
e5 9. Nc4 Qe7 10. Qe2 b5 11. Na5 O-O 12. a4 Bb6 13. axb5 Nc5 14. Nc6 Qe8 15. Ncxe5
Bb7 16. bxa6 Bxe4 17. Bxe4 Ncxe4 18. Be3 Bxe3 19. Qxe3 Qb5 20. Qb3 Qxb3 21. cxb3
Rfb8 22. Ra3 Nc5 23. a7 Rxb3 24. Rxb3 Nxb3 25. Nc6 Ne4 26. Rd1 Nd6 27. Rd3 Nc5 28.
Rc3 Ncb7 29. Rb3 Kf8 30. Nfd4 Ke8 31. Re3+ Kf8 32. Rb3 Ke8 33. Re3+ Kf8 34. Rb3  1/2-1/2

[Event "Brno Open 2022 - B FIDE open"]
[Site "Bobycentrum hotel, Brno"]
[Date "2022.11.16"]
[Round "5"]
[Board "27"]
[White "Schoeppe, Christian"]
[Black "Hrdina, Karl"]
[Result "1-0"]
[WhiteElo "1448"]
[BlackElo "1832"]
[PlyCount "55"]
[EventDate "2022.11.12"]
[EventRounds "9"]
[EventCountry "CZE"]

1. e4 e5 2. c3 Nf6 3. d4 Nc6 4. d5 Ne7 5. Bd3 d6 6. h3 Ng6 7. Nf3 Be7 8. Be3 a5 9.
a4 O-O 10. b4 b6 11. Nbd2 Re8 12. O-O Nd7 13. Bb5 Bb7 14. Nh2 Rf8 15. f4 exf4 16.
Bxf4 Nxf4 17. Bxd7 Qxd7 18. Rxf4 Bf6 19. Rxf6 gxf6 20. Qh5 Kh8 21. Ng4 Qe7 22. Qh6
Rg8 23. Nxf6 Rg7 24. Nf3 Rag8 25. Ng5 Qe5 26. Nfxh7 Qxe4 27. Nf6+ Rh7 28. Nfxh7  1-0

[Event "Brno Open 2022 - B FIDE open"]
[Site "Bobycentrum hotel, Brno"]
[Date "2022.11.16"]
[Round "5"]
[Board "30"]
[White "Dujava, Matej"]
[Black "Kellner, Rene"]
[Result "0-1"]
[WhiteElo "1583"]
[BlackElo "1538"]
[PlyCount "48"]
[EventDate "2022.11.12"]
[EventRounds "9"]
[EventCountry "CZE"]

1. d4 d5 2. Bf4 c6 3. Nf3 Nf6 4. e3 Bg4 5. Bd3 e6 6. Nbd2 Bd6 7. Bg3 O-O 8. c3 Bxg3
9. hxg3 Nbd7 10. Qc2 h6 11. Rh4 c5 12. O-O-O Qa5 13. Kb1 c4 14. Bh7+ Nxh7 15. Rxg4
b5 16. Rh1 Ndf6 17. Rxh6 b4 18. Ng5 gxh6 19. Nxh7+ Nxg4 20. f3 f5 21. fxg4 Kxh7 22.
gxf5 exf5 23. g4 bxc3 24. Nf3 Rab8  0-1

[Event "Brno Open 2022 - B FIDE open"]
[Site "Bobycentrum hotel, Brno"]
[Date "2022.11.17"]
[Round "6"]
[Board "1"]
[White "Mondrzycki, Bartlomiej"]
[Black "Moskvin, Anatoly"]
[Result "1-0"]
[WhiteElo "2214"]
[BlackElo "2170"]
[PlyCount "119"]
[EventDate "2022.11.12"]
[EventRounds "9"]
[EventCountry "CZE"]

1. d4 d5 2. Nf3 e6 3. Bf4 c5 4. e3 Nf6 5. Nbd2 Nbd7 6. c3 b6 7. Ne5 Bb7 8. Bd3 a6
9. Qf3 Nxe5 10. dxe5 Nd7 11. Qg3 b5 12. a4 c4 13. Bc2 Nc5 14. Nf3 Qa5 15. O-O b4
16. cxb4 Qxb4 17. Nd4 Rc8 18. Rfb1 Bc6 19. b3 c3 20. f3 Bd7 21. h4 a5 22. h5 h6 23.
Qg4 Qb8 24. Bg3 Na6 25. Rd1 Nb4 26. Rac1 Na2 27. Rb1 Nb4 28. Kh1 Rg8 29. Rbc1 Nxc2
30. Rxc2 Bb4 31. f4 g6 32. hxg6 Rxg6 33. Qf3 Qb6 34. Be1 Qd8 35. Rd3 Qe7 36. Qh5
Qf8 37. Bxc3 Bxc3 38. Rdxc3 Rxc3 39. Rxc3 Qb4 40. Ne2 Kf8 41. Qf3 Ke8 42. Kh2 Qe7
43. g3 Qb4 44. Rd3 Qe1 45. Nd4 Kf8 46. Rd1 Qc3 47. Qf2 h5 48. Qd2 Qc7 49. Rc1 Qd8
50. Nf3 Qb6 51. Qc3 Kg7 52. Kg2 d4 53. exd4 Qb7 54. Kf2 Rg4 55. Rh1 Bc6 56. Rxh5
Bd5 57. Ng5 Kg8 58. Qc2 Rxg5 59. Rxg5+ Kh8 60. Qe2  1-0

[Event "Brno Open 2022 - B FIDE open"]
[Site "Bobycentrum hotel, Brno"]
[Date "2022.11.17"]
[Round "6"]
[Board "3"]
[White "Svobodova, Michaela"]
[Black "Richterova, Natasa"]
[Result "1/2-1/2"]
[WhiteElo "1973"]
[BlackElo "2170"]
[PlyCount "111"]
[EventDate "2022.11.12"]
[EventRounds "9"]
[EventCountry "CZE"]

1. e4 c6 2. d4 d5 3. exd5 cxd5 4. Bd3 Nc6 5. c3 Nf6 6. h3 g6 7. Nf3 Bg7 8. Bf4 O-O
9. O-O Re8 10. Re1 Bf5 11. Bf1 Bxb1 12. Qxb1 e6 13. Bd3 Rc8 14. Ne5 a6 15. Bg5 Qc7
16. Bf4 Qd8 17. Bg5 Qc7 18. Bf4 Qb6 19. Nxc6 Qxc6 20. Be5 Nd7 21. Bxg7 Kxg7 22. Qc1
b5 23. Qf4 Rb8 24. a3 a5 25. h4 Rec8 26. h5 Qc7 27. Qh4 Qd8 28. Qg3 Nf6 29. Qe5 Kf8
30. hxg6 hxg6 31. Re3 Nd7 32. Qh8+ Ke7 33. Qh4+ Ke8 34. Qh8+ Ke7 35. Qh4+ Ke8 36.
Qh6 Nf8 37. Rae1 Rb6 38. Qg7 Rc7 39. Rh3 f5 40. Qe5 Rf7 41. b3 Rc7 42. a4 bxa4 43.
bxa4 Qd6 44. Bb5+ Kf7 45. Qh8 Qe7 46. Ree3 Qf6 47. Qh6 Rb8 48. Qf4 Rbb7 49. Rh6 Kg8
50. Reh3 Rh7 51. Rxh7 Nxh7 52. Qd6 Qe7 53. Qe5 Qf6 54. Qd6 Qe7 55. Qe5 Qf6 56. Qd6
 1/2-1/2

[Event "Brno Open 2022 - B FIDE open"]
[Site "Bobycentrum hotel, Brno"]
[Date "2022.11.17"]
[Round "6"]
[Board "5"]
[White "Arndt, Stefan"]
[Black "Spanton, Tim R"]
[Result "1/2-1/2"]
[WhiteElo "2176"]
[BlackElo "1771"]
[PlyCount "47"]
[EventDate "2022.11.12"]
[EventRounds "9"]
[EventCountry "CZE"]

1. d4 d5 2. Nf3 e6 3. c4 Nf6 4. e3 c5 5. cxd5 exd5 6. Bb5+ Bd7 7. Bxd7+ Qxd7 8. O-O
Nc6 9. b3 cxd4 10. Nxd4 Be7 11. Bb2 O-O 12. Nd2 Rac8 13. N2f3 Rfd8 14. a3 Ne4 15.
Rc1 Nxd4 16. Nxd4 Rxc1 17. Qxc1 Rc8 18. Qd1 Bf6 19. f3 Nc3 20. Qd2 Bxd4 21. exd4
Nb5 22. Re1 h6 23. a4 Nc7 24. Ba3  1/2-1/2

[Event "Brno Open 2022 - B FIDE open"]
[Site "Bobycentrum hotel, Brno"]
[Date "2022.11.17"]
[Round "6"]
[Board "6"]
[White "Muller, Maxime"]
[Black "Jires, Jiri"]
[Result "1/2-1/2"]
[WhiteElo "1848"]
[BlackElo "2088"]
[PlyCount "112"]
[EventDate "2022.11.12"]
[EventRounds "9"]
[EventCountry "CZE"]

1. e4 e5 2. Nf3 Nc6 3. Nc3 Nf6 4. d4 exd4 5. Nxd4 Bb4 6. Nxc6 bxc6 7. Bd3 d5 8. exd5
cxd5 9. O-O O-O 10. h3 c6 11. Qf3 Re8 12. Bf4 Bd6 13. Rfe1 Be6 14. a3 a5 15. Rab1
Rb8 16. Bxd6 Qxd6 17. Qg3 Qxg3 18. fxg3 Nd7 19. b4 axb4 20. axb4 f6 21. Na4 Ra8 22.
Ra1 Bf7 23. Reb1 Ne5 24. Nc5 Bg6 25. Ra5 Rab8 26. b5 cxb5 27. Bxg6 hxg6 28. Raxb5
Rbc8 29. Rd1 Red8 30. c3 Rd6 31. Ne4 Rdc6 32. Rbxd5 Nc4 33. Rd7 Re6 34. Rd8+ Rxd8
35. Rxd8+ Kh7 36. Rd4 Rc6 37. Kf2 g5 38. Ke2 Kg6 39. g4 Ne5 40. Kd2 Ra6 41. Ke3 Ra2
42. Nd2 Rc2 43. c4 Kf7 44. g3 Rc3+ 45. Kf2 Rc2 46. Ke2 Ke6 47. h4 Rc3 48. Ne4 Rxc4
49. Rxc4 Nxc4 50. hxg5 fxg5 51. Nxg5+ Kf6 52. Ne4+ Ke5 53. Kf3 Nb6 54. g5 Nd5 55.
g4 Nf4 56. Ng3 Ne6  1/2-1/2

[Event "Brno Open 2022 - B FIDE open"]
[Site "Bobycentrum hotel, Brno"]
[Date "2022.11.17"]
[Round "6"]
[Board "7"]
[White "Al Thebaiti, Ahmed M"]
[Black "Dvorakova, Olga"]
[Result "0-1"]
[WhiteElo "1931"]
[BlackElo "2054"]
[PlyCount "94"]
[EventDate "2022.11.12"]
[EventRounds "9"]
[EventCountry "CZE"]

1. d4 Nf6 2. Bf4 c5 3. d5 d6 4. Nc3 Qa5 5. Bd2 Qb6 6. e4 g6 7. Nf3 Bg7 8. Be2 O-O
9. h3 e6 10. O-O exd5 11. exd5 Bf5 12. g4 Bd7 13. Rb1 a6 14. Bf4 Bb5 15. Nd2 Re8
16. Bxb5 axb5 17. a4 bxa4 18. Qf3 Qa6 19. Nde4 Nxe4 20. Nxe4 Be5 21. Bxe5 Rxe5 22.
Nf6+ Kg7 23. Rfe1 Qb5 24. c4 Qb6 25. Ne8+ Kf8 26. Qf6 Nd7 27. Qxd6+ Qxd6 28. Nxd6
Ra6 29. Nb5 Rb6 30. f4 Rxd5 31. cxd5 Rxb5 32. Ra1 Rb4 33. d6 Rd4 34. Rad1 Rxd1 35.
Rxd1 Ke8 36. Ra1 b5 37. b3 Nb6 38. bxa4 Nxa4 39. Re1+ Kd7 40. Re7+ Kxd6 41. Rxf7
b4 42. f5 gxf5 43. gxf5 Nb6 44. Rb7 Kc6 45. Rb8 b3 46. f6 b2 47. f7 b1=Q+  0-1

[Event "Brno Open 2022 - B FIDE open"]
[Site "Bobycentrum hotel, Brno"]
[Date "2022.11.17"]
[Round "6"]
[Board "10"]
[White "Sipos, Stefania"]
[Black "Horacek, Michal"]
[Result "1/2-1/2"]
[WhiteElo "1876"]
[BlackElo "2086"]
[PlyCount "48"]
[EventDate "2022.11.12"]
[EventRounds "9"]
[EventCountry "CZE"]

1. e4 c6 2. c4 d5 3. exd5 cxd5 4. cxd5 Nf6 5. Nc3 Nxd5 6. Nf3 e6 7. d4 Be7 8. Bd3
Nd7 9. Nxd5 exd5 10. O-O O-O 11. Re1 Nf6 12. Bg5 Be6 13. Ne5 Rc8 14. Re3 Ne4 15.
Bxe7 Qxe7 16. Bxe4 dxe4 17. Rxe4 Rfd8 18. Nf3 Qb4 19. b3 Bd5 20. Re3 h6 21. h3 Qa3
22. Qd2 Rd6 23. Rae1 Be6 24. b4 Qa6  1/2-1/2

[Event "Brno Open 2022 - B FIDE open"]
[Site "Bobycentrum hotel, Brno"]
[Date "2022.11.17"]
[Round "6"]
[Board "15"]
[White "Broz, Petr"]
[Black "Fryc, Lukas"]
[Result "0-1"]
[WhiteElo "2037"]
[BlackElo "1665"]
[PlyCount "50"]
[EventDate "2022.11.12"]
[EventRounds "9"]
[EventCountry "CZE"]

1. e4 c5 2. b4 cxb4 3. a3 d5 4. exd5 Qxd5 5. Nf3 e6 6. d4 Nc6 7. axb4 Bxb4+ 8. c3
Be7 9. Bd3 Nf6 10. O-O O-O 11. Bf4 Qd8 12. Qe2 b6 13. Ng5 g6 14. Ne4 Bb7 15. Nbd2
Re8 16. Nxf6+ Bxf6 17. Ne4 e5 18. dxe5 Bxe5 19. Bg5 Qc7 20. Qg4 f5 21. Nf6+ Bxf6
22. Qc4+ Kg7 23. Bxf6+ Kxf6 24. g4 Rac8 25. gxf5 Ne5  0-1

[Event "Brno Open 2022 - B FIDE open"]
[Site "Bobycentrum hotel, Brno"]
[Date "2022.11.17"]
[Round "6"]
[Board "25"]
[White "Olszewski, Antoni"]
[Black "Blazek, Pavel"]
[Result "1-0"]
[WhiteElo "1485"]
[BlackElo "1714"]
[PlyCount "55"]
[EventDate "2022.11.12"]
[EventRounds "9"]
[EventCountry "CZE"]

1. e4 Nf6 2. e5 Nd5 3. d4 d6 4. c4 Nb6 5. exd6 exd6 6. h3 Be7 7. Bd3 O-O 8. Nf3 Bf6
9. Qc2 h6 10. Be3 Re8 11. O-O Nc6 12. a3 d5 13. c5 Nd7 14. Nc3 Nxc5 15. dxc5 d4 16.
Bh7+ Kh8 17. Rad1 Ne5 18. Nxd4 Bxh3 19. gxh3 g6 20. Bxg6 Rg8 21. Qf5 Rxg6+ 22. Kh1
Ng4 23. hxg4 Bxd4 24. Bxd4+ Kg8 25. Bf6 Qxf6 26. Qxf6 Rxf6 27. Kg2 b6 28. Nd5  1-0